logo

Bir Sreshtho Munshi Abdur Rouf Library
Jhenaidah Cadet College

উচচ মাধ্যমক রসায়ন দ্বিতীয় পত্র / (Record no. 8346)

MARC details
000 -LEADER
fixed length control field 00748nam a22002177a 4500
001 - CONTROL NUMBER
JCCL Control Number 8346
003 - CONTROL NUMBER IDENTIFIER
JCCL marc code BD-JhCC
005 - DATE AND TIME OF LATEST TRANSACTION
control field 20180922131011.0
008 - FIXED-LENGTH DATA ELEMENTS--GENERAL INFORMATION
fixed length control field 180222b2000 bg |||| |||| 000 0 ben d
035 ## - SYSTEM CONTROL NUMBER
system control number (BD-JhCC)8346
040 ## - CATALOGING SOURCE
Original cataloging agency BD-JhCC
Modifying agency BD-JhCC
041 ## - LANGUAGE CODE
Language code of Book ben
082 ## - DEWEY DECIMAL CLASSIFICATION NUMBER
Classification number 540
Author mark and Year KUN 2000
100 ## - MAIN ENTRY--PERSONAL NAME
Personal name কুণ্ডু, ড: কালিপদ
245 ## - TITLE STATEMENT
Title উচচ মাধ্যমক রসায়ন দ্বিতীয় পত্র /
Statement of responsibility, etc ড: কালিপদ কুণ্ডু
260 ## - PUBLICATION, DISTRIBUTION, ETC. (IMPRINT)
Place of publication, distribution, etc ঢাকাঃ
Name of publisher, distributor, etc জাতীয় শিক্ষাক্রম ও পাঠ্যপুস্তক বোর্ড,
Date of publication, distribution, etc 2000.
300 ## - PHYSICAL DESCRIPTION
Pagination 555 p. :
Dimensions 24 cm.
650 ## - SUBJECT ADDED ENTRY--TOPICAL TERM
Topical term or geographic name as entry element Chemistry
942 ## - ADDED ENTRY ELEMENTS (KOHA)
Source of classification or shelving scheme Dewey Decimal Classification
Koha item type Books
Holdings
Source of classification or shelving scheme Damaged status Not for loan Home library Current library Shelving location Date of accession Cost, normal purchase price Total Checkouts Full call number Barcode Date last seen Copy number Koha item type
Dewey Decimal Classification     JCC Rouf Library JCC Rouf Library General Stacks 02/22/2018 102.00   540 KUN 2000 10861 02/22/2018 C-1 Books

JCC Library | Contacts | JCC Home

Last Update on 23 September 2017
Copyright @ 2017-2020 JCC Rouf Library
Rouf Library, Jhenidah Cadet College (JCC), Bangladesh